Football Team Home Cities (Soccer) - Statistics

General Stats
  • This quiz has been taken 135 times
  • The average score is 15 of 20
Answer Stats
Team City % Correct
Arsenal London
100%
Internazionale Milan
93%
Benfica Lisbon
91%
Celtic Glasgow
90%
Juventus Turin
90%
Hertha BSC Berlin
89%
Galatasaray Istanbul
89%
Lazio Rome
88%
Panathinaikos Athens
85%
Boca Juniors Buenos Aires
85%
Fenerbahçe Istanbul
85%
Olympiacos Piraeus
85%
Feyenoord Rotterdam
79%
Grasshoppers Zürich
68%
América Mexico City
63%
Ferencváros Budapest
60%
Corinthians São Paulo
59%
Schalke 04 Gelsenkirchen
46%
San Lorenzo Buenos Aires
32%
Equidad Bogotá
19%
No matching quizzes found
Score Distribution
Percent of People with Each Score
Percentile by Number Answered
Your Score History
You have not taken this quiz